Central Library, Doon University
WEBOPAC (ONLINE PUBLIC ACCESS CATALOGUE)

Design and analysis of algorithms (Record no. 60190)

MARC details
000 -LEADER
fixed length control field 00442nam a22001817a 4500
005 - DATE & TIME
control field 20260131151925.0
008 - FIXED-LENGTH DATA ELEMENTS--GENERAL INFORMATION
fixed length control field 260131b |||||||| |||| 00| 0 eng d
020 ## - ISBN
International Standard Book Number 9789385915048
Price 275.00
040 ## - CATALOGING SOURCE
Original cataloging agency Doon University
041 ## - Language
Language English
082 ## - DDC NUMBER
Classification number 005.1
Book Number FAR
100 ## - MAIN ENTRY--PERSONAL NAME
Personal name Faruqi, Anam
245 ## - TITLE STATEMENT
Title Design and analysis of algorithms
260 ## - PUBLICATION, DISTRIBUTION, ETC. (IMPRINT)
Place of publication, distribution, etc New Delhi
Name of publisher, distributor, etc CBS
Date of publication, distribution, etc 2016
300 ## - PHYSICAL DESCRIPTION
Pages 262
650 ## - Subject
Subject Computer Science
942 ## - ADDED ENTRY ELEMENTS (KOHA)
Koha item type Books
100 ## - MAIN ENTRY--PERSONAL NAME
-- 26142
952 ## - LOCATION AND ITEM INFORMATION (KOHA)
-- 2026-01-31
952 ## - LOCATION AND ITEM INFORMATION (KOHA)
-- 2026-01-31
952 ## - LOCATION AND ITEM INFORMATION (KOHA)
-- 2026-01-31
952 ## - LOCATION AND ITEM INFORMATION (KOHA)
-- 2026-01-31
952 ## - LOCATION AND ITEM INFORMATION (KOHA)
-- 2026-01-31
Holdings
Withdrawn status Lost status Source of classification or shelving scheme Damaged status Not for loan Location (home branch) Sublocation or collection (holding branch) Date acquired Koha full call number Accession No. Koha date last seen Koha item type Koha issues (times borrowed)
        Not For Loan Doon University Doon University 31.01.2026 005.1 FAR 51847 31.01.2026 Reference  
          Doon University Doon University 31.01.2026 005.1 FAR 51848 31.01.2026 Books  
          Doon University Doon University 31.01.2026 005.1 FAR 51849 31.01.2026 Books  
          Doon University Doon University 31.01.2026 005.1 FAR 51850 31.01.2026 Books  
          Doon University Doon University 31.01.2026 005.1 FAR 51851 31.01.2026 Books  
Contact : +91-135-2533126 (Library),+91-135-2533105 (Admin Office) , Email : doonlibrary@gmail.com

Powered by Koha